000 01419cad a22002295a 4500
001 L143186
008 071130s2008 xxkad f s 000 0 eng d
035 _a(Sirsi) u143186
041 0 _aeng
050 0 4 _a333.6324 $2 18
110 2 _aGVA Grimley
_93646
245 0 0 _aUK economic property and market review
_bfirst quarter 2008
_h[electronic resource]
260 _aLondon
_bGVA Grimley
_c2008
490 0 _aGVA Grimley Economic and Property Market Review UK
_vFirst Quarter 2008
520 _aReports that there was only a slight economic slowdown in Q4 2007, with growth somewhat below trend at 0.6% or 2.3% annualised. Forecasts weaker economic growth in 2008, but expects continued economic expansion. The All Property rental growth has continued to slacken, to 3.35% year-on-year in January, compared with 3.9% in the previous quarter. Expects a slowdown in the rate of rental growth across the UK commercial property sector in 2008, especially the central London office market. Suggests that total returns on commercial property will be about -5% in 2008, compared to -3.4 in 2007.
590 _aKA NTK
650 2 4 _aGVA GRIMLEY ECONOMIC AND PROPERTY MARKET REVIEW UK
651 4 _aUnited Kingdom
_y
690 _aPROPERTY-COMMERCIAL PROPERTY-COMMERCIAL PROPERTY MARKET
856 4 0 _uhttps://www.gvagrimley.co.uk/
_zView this report free of charge under research at www.gvagrimley.co.uk...
942 _n0
999 _c108096
_d108096